| 000 | 00698nam a22002297a 4500 | ||
|---|---|---|---|
| 999 |
_c3875 _d3875 |
||
| 001 | 17928 | ||
| 003 | BD-DhUAP | ||
| 005 | 20210131100129.0 | ||
| 008 | 200312s20001992 ||||| b||| 001 0 eng d | ||
| 020 | _a0194371840 | ||
| 040 |
_aBD-DhUAP _bEng _cBD-DhUAP _dBD-DhUAP |
||
| 082 |
_223 _a808.1 WID |
||
| 100 | _aWiddowson, H. G. | ||
| 245 |
_aPractical stylistics : _ban approach to poetry / _cH. G. Widdowson. |
||
| 260 |
_aOxford : _bOxford University Press, _cc1992 [2000]. |
||
| 300 |
_axiv, 230 pages ; _c22 cm. |
||
| 500 | _aIncludes index. | ||
| 504 | _aBibliography : p. 221-224. | ||
| 650 |
_aPoetry _vHistory and criticism. |
||
| 650 |
_aPoetry _vStudy and teaching. |
||
| 942 |
_2ddc _cBK |
||